00000000nam##2200000za#4500
0019.648731
003CaOODSP
00520210615113255
007ta
008150407|2003||||xxc|||||     f|0| 0 eng|d
020 |a0-660-18985-2|z0-662-33339-X
040 |aCaOODSP|beng
043 |an-cn---
0861 |aA22-233/2003-5E
1101 |aCanada. |bAgriculture and Agri-Food Canada.
24510|aHardiness and growth of woody ornamental plants. Volume V : |bREPLOQ results and recommendations / |cby Claude Richer and Jacques-André Rioux.
260 |aQuébec - Quebec : |bAgriculture and Agri-Food Canada |c2003.
300 |axxii, 496, [14]p. : |bgraphs, illus. (some coloured), maps (some coloured), references, tables ; |c28 cm.
504 |aBibliography.
563 |aSoftcover
590 |a03-15|b2003-04-11
69007|aOrnamental plants|2gcpds
7201 |aRicher, Claude
7201 |aRioux, Jacques-André
77508|tRusticité et croissance de plantes ligneuses ornementales. Tome V : |w(CaOODSP)9.681992
7760#|tHardiness and growth of woody ornamental plants. Volume V : |w(CaOODSP)9.699636